[Event "DVM U10 2023"]
[Site "Magdeburg GER"]
[Date "2023.12.29"]
[Round "6"]
[White "Liu, Miran"]
[Black "Buff, Hannes"]
[Result "0-1"]
[Termination "normal"]
[Board "19.2"]
[WhiteElo "903"]
[BlackElo "849"]
[WhiteClock "00:15:55"]
[BlackClock "00:17:37"]
[WhiteTeam "SF 59 Kornwestheim"]
[BlackTeam "SC Turm Erfurt"]
[PlyCount "130"]
[WhiteFideId "34612610"]
[EventCountry "GER"]
[EventRounds "7"]
[EventType "team-swiss"]
[EventDate "2023.12.27"]

1. e4 {[%clk 00:55:07]} {[%emt 00:00:02]} c5 {[%clk 00:55:03]} {[%emt
00:00:08]} 2. Nf3 {[%clk 00:55:03]} {[%emt 00:00:08]} d6 {[%clk 00:55:01]}
{[%emt 00:00:07]} 3. Nc3 {[%clk 00:54:44]} {[%emt 00:00:23]} Nf6 {[%clk
00:54:43]} {[%emt 00:00:24]} 4. Bb5+ {[%clk 00:54:12]} {[%emt 00:00:37]} Bd7
{[%clk 00:54:37]} {[%emt 00:00:10]} 5. Bxd7+ {[%clk 00:53:44]} {[%emt
00:00:34]} Qxd7 {[%clk 00:54:30]} {[%emt 00:00:11]} 6. d3 {[%clk 00:53:10]}
{[%emt 00:00:40]} g6 {[%clk 00:54:29]} {[%emt 00:00:07]} 7. O-O {[%clk
00:52:11]} {[%emt 00:01:04]} Bg7 {[%clk 00:54:28]} {[%emt 00:00:06]} 8. Bf4
{[%clk 00:51:24]} {[%emt 00:00:52]} O-O {[%clk 00:54:21]} {[%emt 00:00:12]} 9.
Qe2 {[%clk 00:50:25]} {[%emt 00:01:04]} Nc6 {[%clk 00:53:35]} {[%emt 00:00:51]}
10. Nd5 {[%clk 00:48:39]} {[%emt 00:01:51]} Nxd5 {[%clk 00:53:19]} {[%emt
00:00:21]} 11. exd5 {[%clk 00:48:29]} {[%emt 00:00:15]} Nb4 {[%clk 00:52:43]}
{[%emt 00:00:41]} 12. a3 {[%clk 00:48:17]} {[%emt 00:00:17]} Nxd5 {[%clk
00:52:33]} {[%emt 00:00:14]} 13. Bc1 {[%clk 00:46:39]} {[%emt 00:01:43]} a6
{[%clk 00:52:22]} {[%emt 00:00:16]} 14. Rb1 {[%clk 00:45:44]} {[%emt 00:01:00]}
b5 {[%clk 00:51:56]} {[%emt 00:00:32]} 15. c4 {[%clk 00:44:48]} {[%emt
00:01:01]} Nb6 {[%clk 00:51:05]} {[%emt 00:00:56]} 16. Bd2 {[%clk 00:43:48]}
{[%emt 00:01:05]} bxc4 {[%clk 00:49:47]} {[%emt 00:01:23]} 17. dxc4 {[%clk
00:43:35]} {[%emt 00:00:18]} Rfe8 {[%clk 00:49:05]} {[%emt 00:00:47]} 18. Rfd1
{[%clk 00:40:00]} {[%emt 00:03:40]} Qa4 {[%clk 00:47:26]} {[%emt 00:01:44]} 19.
Rdc1 {[%clk 00:37:26]} {[%emt 00:02:38]} Rac8 {[%clk 00:36:29]} {[%emt
00:11:02]} 20. Bc3 {[%clk 00:35:04]} {[%emt 00:02:28]} Bxc3 {[%clk 00:35:38]}
{[%emt 00:00:56]} 21. Rxc3 {[%clk 00:34:52]} {[%emt 00:00:18]} d5 {[%clk
00:34:10]} {[%emt 00:01:33]} 22. cxd5 {[%clk 00:33:48]} {[%emt 00:01:09]} Nxd5
{[%clk 00:33:58]} {[%emt 00:00:17]} 23. Rd3 {[%clk 00:33:33]} {[%emt 00:00:16]}
e6 {[%clk 00:33:24]} {[%emt 00:00:43]} 24. h3 {[%clk 00:30:19]} {[%emt
00:03:17]} Nf4 {[%clk 00:33:16]} {[%emt 00:00:15]} 25. Qd1 {[%clk 00:29:29]}
{[%emt 00:00:55]} Qxd1+ {[%clk 00:32:48]} {[%emt 00:00:32]} 26. Rdxd1 {[%clk
00:29:25]} {[%emt 00:00:09]} c4 {[%clk 00:32:24]} {[%emt 00:00:29]} 27. Rbc1
{[%clk 00:28:23]} {[%emt 00:01:04]} Ne2+ {[%clk 00:32:03]} {[%emt 00:00:29]}
28. Kf1 {[%clk 00:28:09]} {[%emt 00:00:19]} Nxc1 {[%clk 00:32:00]} {[%emt
00:00:08]} 29. Rxc1 {[%clk 00:28:07]} {[%emt 00:00:06]} Rc5 {[%clk 00:30:51]}
{[%emt 00:01:15]} 30. Nd2 {[%clk 00:27:33]} {[%emt 00:00:39]} Rec8 {[%clk
00:30:32]} {[%emt 00:00:24]} 31. b4 {[%clk 00:26:59]} {[%emt 00:00:39]} R5c6
{[%clk 00:30:17]} {[%emt 00:00:20]} 32. Ke2 {[%clk 00:25:57]} {[%emt 00:01:05]}
c3 {[%clk 00:29:57]} {[%emt 00:00:25]} 33. Nb3 {[%clk 00:24:05]} {[%emt
00:01:57]} Rc4 {[%clk 00:28:13]} {[%emt 00:01:49]} 34. Na1 {[%clk 00:23:02]}
{[%emt 00:01:08]} h5 {[%clk 00:26:02]} {[%emt 00:02:16]} 35. Nc2 {[%clk
00:22:47]} {[%emt 00:00:20]} Kg7 {[%clk 00:25:21]} {[%emt 00:00:46]} 36. Rd1
{[%clk 00:22:25]} {[%emt 00:00:27]} f5 {[%clk 00:24:36]} {[%emt 00:00:50]} 37.
Rd6 {[%clk 00:22:12]} {[%emt 00:00:18]} R8c6 {[%clk 00:24:07]} {[%emt
00:00:35]} 38. Rxc6 {[%clk 00:21:59]} {[%emt 00:00:18]} Rxc6 {[%clk 00:24:02]}
{[%emt 00:00:10]} 39. f3 {[%clk 00:20:54]} {[%emt 00:01:10]} Kf6 {[%clk
00:23:51]} {[%emt 00:00:16]} 40. g3 {[%clk 00:20:06]} {[%emt 00:00:53]} g5
{[%clk 00:23:36]} {[%emt 00:00:21]} 41. g4 {[%clk 00:19:18]} {[%emt 00:00:53]}
hxg4 {[%clk 00:23:08]} {[%emt 00:00:33]} 42. hxg4 {[%clk 00:19:01]} {[%emt
00:00:22]} fxg4 {[%clk 00:23:00]} {[%emt 00:00:12]} 43. fxg4 {[%clk 00:18:55]}
{[%emt 00:00:12]} e5 {[%clk 00:22:54]} {[%emt 00:00:11]} 44. Kf3 {[%clk
00:18:54]} {[%emt 00:00:05]} Rc4 {[%clk 00:22:37]} {[%emt 00:00:23]} 45. Ke3
{[%clk 00:18:23]} {[%emt 00:00:35]} Rxg4 {[%clk 00:22:17]} {[%emt 00:00:25]}
46. Kd3 {[%clk 00:18:10]} {[%emt 00:00:19]} Rg3+ {[%clk 00:22:12]} {[%emt
00:00:10]} 47. Ke4 {[%clk 00:18:10]} {[%emt 00:00:04]} Rg2 {[%clk 00:21:46]}
{[%emt 00:00:31]} 48. Ne3 {[%clk 00:18:01]} {[%emt 00:00:13]} Re2 {[%clk
00:21:35]} {[%emt 00:00:18]} 49. Kd3 {[%clk 00:17:56]} {[%emt 00:00:11]} Rxe3+
{[%clk 00:21:16]} {[%emt 00:00:24]} 50. Kxe3 {[%clk 00:17:51]} {[%emt
00:00:10]} g4 {[%clk 00:21:12]} {[%emt 00:00:09]} 51. Kd3 {[%clk 00:17:52]}
{[%emt 00:00:04]} g3 {[%clk 00:21:04]} {[%emt 00:00:09]} 52. Kxc3 {[%clk
00:17:49]} {[%emt 00:00:11]} g2 {[%clk 00:20:57]} {[%emt 00:00:09]} 53. Kb3
{[%clk 00:17:51]} {[%emt 00:00:06]} g1=Q {[%emt 00:00:14]} 54. Ka4 {[%emt
00:00:11]} Qa1 {[%clk 00:20:05]} {[%emt 00:00:32]} 55. Kb3 {[%clk 00:17:21]}
{[%emt 00:00:35]} e4 {[%clk 00:19:56]} {[%emt 00:00:14]} 56. Ka4 {[%clk
00:17:19]} {[%emt 00:00:08]} e3 {[%clk 00:19:50]} {[%emt 00:00:10]} 57. Kb3
{[%emt 00:00:21]} e2 {[%clk 00:19:38]} {[%emt 00:00:01]} 58. Ka4 {[%clk
00:17:16]} {[%emt 00:00:08]} e1=Q {[%clk 00:19:25]} {[%emt 00:00:11]} 59. Ka5
{[%clk 00:17:15]} {[%emt 00:00:13]} Qxa3+ {[%clk 00:19:11]} {[%emt 00:00:18]}
60. Kb6 {[%clk 00:17:10]} {[%emt 00:00:11]} Qaxb4+ {[%clk 00:18:48]} {[%emt
00:00:27]} 61. Kc6 {[%clk 00:16:36]} {[%emt 00:00:45]} Qd4 {[%emt 00:00:31]}
62. Kc7 {[%clk 00:16:29]} {[%emt 00:00:03]} Qc1+ {[%clk 00:18:29]} {[%emt
00:00:10]} 63. Kb7 {[%clk 00:16:08]} {[%emt 00:00:26]} Qb4+ {[%clk 00:18:23]}
{[%emt 00:00:11]} 64. Ka8 {[%clk 00:16:02]} {[%emt 00:00:10]} Qc8+ {[%clk
00:17:43]} {[%emt 00:00:45]} 65. Ka7 {[%clk 00:15:55]} {[%emt 00:00:13]} Qbb7#
{[%clk 00:17:37]} {[%emt 00:00:03]} 0-1

[Event "DVM U10 2023"]
[Site "Magdeburg GER"]
[Date "2023.12.29"]
[Round "6"]
[White "Birkoben, Georgi"]
[Black "Gora, Jan"]
[Result "0-1"]
[Termination "normal"]
[Board "19.3"]
[WhiteElo "934"]
[BlackElo "799"]
[WhiteClock "00:30:28"]
[BlackClock "00:45:19"]
[WhiteTeam "SC Turm Erfurt"]
[BlackTeam "SF 59 Kornwestheim"]
[PlyCount "44"]
[EventCountry "GER"]
[EventRounds "7"]
[EventType "team-swiss"]
[EventDate "2023.12.27"]

1. e4 {[%clk 00:55:09]} {[%emt 00:00:01]} e5 {[%clk 00:55:09]} {[%emt
00:00:02]} 2. Nf3 {[%clk 00:55:04]} {[%emt 00:00:10]} Nc6 {[%clk 00:55:07]}
{[%emt 00:00:07]} 3. d4 {[%clk 00:54:47]} {[%emt 00:00:22]} Nf6 {[%clk
00:54:45]} {[%emt 00:00:26]} 4. d5 {[%clk 00:53:45]} {[%emt 00:01:08]} Nd4
{[%clk 00:54:24]} {[%emt 00:00:26]} 5. Nxd4 {[%clk 00:52:40]} {[%emt 00:01:10]}
exd4 {[%clk 00:53:32]} {[%emt 00:00:56]} 6. Qxd4 {[%clk 00:51:46]} {[%emt
00:01:00]} c5 {[%clk 00:53:07]} {[%emt 00:00:30]} 7. dxc6 {[%clk 00:51:06]}
{[%emt 00:00:45]} bxc6 {[%clk 00:52:45]} {[%emt 00:00:26]} 8. Bg5 {[%clk
00:49:55]} {[%emt 00:01:16]} c5 {[%clk 00:52:09]} {[%emt 00:00:40]} 9. Qd1
{[%clk 00:48:15]} {[%emt 00:01:45]} h6 {[%clk 00:51:43]} {[%emt 00:00:31]} 10.
Bxf6 {[%clk 00:47:29]} {[%emt 00:00:51]} Qxf6 {[%clk 00:51:36]} {[%emt
00:00:12]} 11. Nc3 {[%clk 00:46:20]} {[%emt 00:01:15]} Bd6 {[%clk 00:51:05]}
{[%emt 00:00:36]} 12. Bc4 {[%clk 00:44:53]} {[%emt 00:01:31]} O-O {[%clk
00:50:59]} {[%emt 00:00:11]} 13. O-O {[%clk 00:44:41]} {[%emt 00:00:18]} Qe5
{[%clk 00:50:49]} {[%emt 00:00:14]} 14. Re1 {[%clk 00:42:31]} {[%emt 00:02:15]}
Qxh2+ {[%clk 00:50:09]} {[%emt 00:00:44]} 15. Kf1 {[%clk 00:42:23]} {[%emt
00:00:14]} Be5 {[%clk 00:48:17]} {[%emt 00:01:55]} 16. Qd5 {[%clk 00:41:07]}
{[%emt 00:01:22]} d6 {[%clk 00:47:26]} {[%emt 00:00:56]} 17. Qxa8 {[%clk
00:39:29]} {[%emt 00:01:42]} Bg4 {[%clk 00:46:59]} {[%emt 00:00:32]} 18. f3
{[%clk 00:37:45]} {[%emt 00:01:50]} Rxa8 {[%clk 00:46:44]} {[%emt 00:00:19]}
19. fxg4 {[%clk 00:37:40]} {[%emt 00:00:10]} Qf4+ {[%clk 00:46:35]} {[%emt
00:00:13]} 20. Kg1 {[%clk 00:36:06]} {[%emt 00:01:40]} Bd4+ {[%clk 00:46:06]}
{[%emt 00:00:35]} 21. Kh1 {[%clk 00:35:22]} {[%emt 00:00:48]} Qxg4 {[%clk
00:45:47]} {[%emt 00:00:24]} 22. g3 {[%clk 00:30:28]} {[%emt 00:05:01]} Qh3#
{[%clk 00:45:19]} {[%emt 00:00:25]} 0-1

[Event "DVM U10 2023"]
[Site "Magdeburg GER"]
[Date "2023.12.29"]
[Round "6"]
[White "Gora, Michael"]
[Black "Nowak Ledesma, Lennon Mika"]
[Result "0-1"]
[Termination "normal"]
[Board "19.4"]
[WhiteElo "754"]
[BlackElo "772"]
[WhiteClock "00:26:13"]
[BlackClock "00:38:24"]
[WhiteTeam "SF 59 Kornwestheim"]
[BlackTeam "SC Turm Erfurt"]
[PlyCount "80"]
[EventCountry "GER"]
[EventRounds "7"]
[EventType "team-swiss"]
[EventDate "2023.12.27"]

1. e4 {[%clk 00:55:08]} c5 {[%clk 00:55:00]} {[%emt 00:00:34]} 2. Nc3 {[%clk
00:55:00]} {[%emt 00:00:25]} d6 {[%clk 00:55:03]} {[%emt 00:00:08]} 3. Nf3
{[%clk 00:54:34]} {[%emt 00:00:29]} Nf6 {[%clk 00:54:56]} {[%emt 00:00:13]} 4.
Bd3 {[%clk 00:54:00]} {[%emt 00:00:30]} g6 {[%clk 00:54:54]} {[%emt 00:00:16]}
5. Bc4 {[%clk 00:53:34]} {[%emt 00:00:21]} Bg7 {[%clk 00:54:39]} {[%emt
00:00:29]} 6. Ng5 {[%clk 00:53:34]} {[%emt 00:00:03]} O-O {[%clk 00:54:27]}
{[%emt 00:00:19]} 7. Nxf7 {[%clk 00:53:07]} {[%emt 00:00:29]} Rxf7 {[%clk
00:54:08]} {[%emt 00:00:27]} 8. Bxf7+ {[%emt 00:00:35]} Kxf7 {[%emt 00:00:10]}
9. O-O {[%clk 00:51:58]} {[%emt 00:00:28]} Be6 {[%clk 00:54:04]} {[%emt
00:00:10]} 10. d3 {[%emt 00:00:45]} Nc6 {[%emt 00:00:17]} 11. Bd2 {[%clk
00:50:01]} {[%emt 00:00:58]} Qc7 {[%clk 00:53:42]} {[%emt 00:00:28]} 12. Bf4
{[%clk 00:48:30]} {[%emt 00:00:49]} Nh5 {[%clk 00:53:11]} {[%emt 00:01:23]} 13.
Nb5 {[%clk 00:47:48]} {[%emt 00:00:46]} Qb6 {[%clk 00:52:42]} {[%emt 00:00:34]}
14. Nc3 {[%emt 00:00:41]} Nxf4 {[%emt 00:00:20]} 15. Qf3 {[%clk 00:46:25]}
{[%emt 00:00:22]} Nd4 {[%clk 00:52:20]} {[%emt 00:00:33]} 16. Qxf4+ {[%emt
00:00:33]} Kg8 {[%emt 00:00:23]} 17. Qh4 {[%clk 00:44:44]} {[%emt 00:00:45]}
Qxb2 {[%clk 00:51:34]} {[%emt 00:00:57]} 18. Qxe7 {[%clk 00:43:17]} {[%emt
00:00:31]} Qxc3 {[%clk 00:51:28]} {[%emt 00:01:12]} 19. Qxb7 {[%emt 00:00:28]}
Rf8 {[%emt 00:00:16]} 20. h3 {[%clk 00:41:45]} {[%emt 00:00:50]} Ne2+ {[%clk
00:50:33]} {[%emt 00:01:02]} 21. Kh1 {[%clk 00:41:25]} {[%emt 00:02:16]} Qxc2
{[%clk 00:48:29]} {[%emt 00:00:56]} 22. Rab1 {[%emt 00:00:44]} Bxa2 {[%emt
00:01:30]} 23. Rb5 {[%emt 00:00:24]} Nd4 {[%emt 00:00:15]} 24. Rb2 {[%clk
00:37:56]} {[%emt 00:00:30]} Qa4 {[%clk 00:48:09]} {[%emt 00:00:35]} 25. Qc7
{[%clk 00:37:30]} {[%emt 00:00:28]} Nb3 {[%clk 00:47:26]} {[%emt 00:00:52]} 26.
Qxd6 {[%clk 00:36:37]} {[%emt 00:00:37]} Bxb2 {[%clk 00:47:26]} {[%emt
00:00:26]} 27. Qe6+ {[%clk 00:35:37]} {[%emt 00:00:59]} Rf7 {[%clk 00:47:07]}
{[%emt 00:00:30]} 28. e5 {[%clk 00:34:33]} {[%emt 00:00:37]} Nd4 {[%clk
00:47:07]} {[%emt 00:00:36]} 29. Qd6 {[%clk 00:33:41]} {[%emt 00:00:32]} Nc6
{[%clk 00:46:34]} {[%emt 00:01:03]} 30. e6 {[%clk 00:32:27]} {[%emt 00:00:26]}
Rf6 {[%clk 00:45:07]} {[%emt 00:02:27]} 31. Re1 {[%clk 00:31:24]} {[%emt
00:00:56]} Qb4 {[%emt 00:01:23]} 32. Re3 {[%emt 00:00:43]} Bd4 {[%clk
00:42:35]} {[%emt 00:00:42]} 33. Re2 {[%clk 00:30:16]} {[%emt 00:00:14]} Qb1+
{[%clk 00:42:16]} {[%emt 00:01:28]} 34. Kh2 {[%clk 00:30:03]} {[%emt 00:00:21]}
Be5+ {[%clk 00:41:00]} {[%emt 00:01:23]} 35. Qxe5 {[%emt 00:00:25]} Nxe5 {[%emt
00:00:20]} 36. Rxe5 {[%clk 00:28:33]} {[%emt 00:00:27]} Qb8 {[%clk 00:41:03]}
{[%emt 00:00:26]} 37. e7 {[%emt 00:00:09]} Qxe5+ {[%emt 00:00:14]} 38. Kg1
{[%clk 00:27:16]} {[%emt 00:01:00]} Qxe7 {[%emt 00:00:17]} 39. g3 {[%emt
00:00:27]} Qe1+ {[%clk 00:38:26]} {[%emt 00:01:56]} 40. Kg2 {[%clk 00:26:13]}
{[%emt 00:00:48]} Rxf2# {[%clk 00:38:24]} {[%emt 00:00:27]} 0-1

[Event "DVM U10 2023"]
[Site "Magdeburg GER"]
[Date "2023.12.29"]
[Round "6"]
[White "Börner, Martha"]
[Black "Mulgunov, Alexej Nikolaj"]
[Result "0-1"]
[Termination "normal"]
[Board "20.1"]
[WhiteElo "1146"]
[BlackElo "1139"]
[WhiteClock "00:46:06"]
[BlackClock "00:36:49"]
[WhiteTeam "SV Eintracht Tangerhütte"]
[BlackTeam "fuß brothers Jena"]
[PlyCount "66"]
[WhiteFideId "34665382"]
[EventCountry "GER"]
[EventRounds "7"]
[EventType "team-swiss"]
[EventDate "2023.12.27"]

1. e4 {[%clk 00:55:08]} {[%emt 00:00:01]} e5 {[%clk 00:55:04]} {[%emt
00:00:06]} 2. Nf3 {[%clk 00:55:07]} {[%emt 00:00:06]} Nc6 {[%clk 00:55:05]}
{[%emt 00:00:04]} 3. Bb5 {[%clk 00:55:06]} {[%emt 00:00:06]} d6 {[%clk
00:54:44]} {[%emt 00:00:23]} 4. O-O {[%clk 00:54:59]} {[%emt 00:00:14]} Nf6
{[%clk 00:54:29]} {[%emt 00:00:08]} 5. d3 {[%clk 00:54:42]} {[%emt 00:00:34]}
h6 {[%clk 00:54:25]} {[%emt 00:00:06]} 6. Nc3 {[%clk 00:54:44]} {[%emt
00:00:06]} a6 {[%clk 00:54:22]} {[%emt 00:00:05]} 7. Bxc6+ {[%clk 00:54:43]}
{[%emt 00:00:09]} bxc6 {[%clk 00:54:14]} {[%emt 00:00:09]} 8. Bd2 {[%clk
00:54:18]} {[%emt 00:00:35]} Be7 {[%clk 00:54:12]} {[%emt 00:00:06]} 9. h3
{[%clk 00:53:48]} {[%emt 00:00:35]} O-O {[%clk 00:54:05]} {[%emt 00:00:09]} 10.
Be3 {[%clk 00:53:44]} {[%emt 00:00:11]} d5 {[%clk 00:53:21]} {[%emt 00:00:42]}
11. Nxe5 {[%clk 00:53:26]} {[%emt 00:00:29]} Qd6 {[%clk 00:51:37]} {[%emt
00:01:42]} 12. Nf3 {[%clk 00:52:29]} {[%emt 00:01:09]} Be6 {[%clk 00:49:40]}
{[%emt 00:01:55]} 13. e5 {[%clk 00:52:22]} {[%emt 00:00:20]} Qd8 {[%clk
00:49:25]} {[%emt 00:00:13]} 14. exf6 {[%clk 00:52:17]} {[%emt 00:00:17]} Bxf6
{[%emt 00:00:09]} 15. Nd4 {[%emt 00:00:32]} c5 {[%clk 00:48:11]} {[%emt
00:00:31]} 16. Nxe6 {[%clk 00:52:07]} {[%emt 00:00:21]} fxe6 {[%emt 00:00:24]}
17. Bxc5 {[%emt 00:00:11]} Rf7 {[%emt 00:00:37]} 18. Qg4 {[%emt 00:00:34]} Qd7
{[%emt 00:00:24]} 19. Be3 {[%emt 00:00:13]} d4 {[%clk 00:45:29]} {[%emt
00:00:21]} 20. Bxh6 {[%clk 00:51:49]} {[%emt 00:00:26]} dxc3 {[%clk 00:45:09]}
{[%emt 00:00:12]} 21. bxc3 {[%clk 00:51:27]} {[%emt 00:00:41]} Bxc3 {[%emt
00:01:16]} 22. Rab1 {[%emt 00:00:20]} Rf6 {[%clk 00:43:01]} {[%emt 00:00:33]}
23. Bf4 {[%clk 00:50:21]} {[%emt 00:01:14]} Raf8 {[%clk 00:41:47]} {[%emt
00:01:16]} 24. Bg5 {[%clk 00:49:21]} {[%emt 00:01:09]} Rg6 {[%clk 00:41:21]}
{[%emt 00:00:21]} 25. Qh5 {[%clk 00:48:58]} {[%emt 00:00:32]} Qf7 {[%clk
00:40:25]} {[%emt 00:00:30]} 26. Rb3 {[%clk 00:47:47]} {[%emt 00:01:51]} Ba5
{[%clk 00:39:25]} {[%emt 00:01:00]} 27. Ra3 {[%clk 00:47:05]} {[%emt 00:00:52]}
Bb6 {[%clk 00:39:14]} {[%emt 00:00:14]} 28. Bh4 {[%clk 00:46:31]} {[%emt
00:00:40]} Rxg2+ {[%clk 00:38:46]} {[%emt 00:00:23]} 29. Kxg2 {[%clk 00:46:27]}
{[%emt 00:00:21]} Qxh5 {[%clk 00:38:12]} {[%emt 00:00:08]} 30. Be7 {[%clk
00:46:26]} {[%emt 00:00:37]} Qg6+ {[%clk 00:37:50]} {[%emt 00:00:23]} 31. Kh2
{[%clk 00:46:24]} {[%emt 00:00:12]} Rxf2+ {[%clk 00:37:15]} {[%emt 00:00:31]}
32. Rxf2 {[%clk 00:46:19]} {[%emt 00:00:18]} Bxf2 {[%clk 00:37:05]} {[%emt
00:00:10]} 33. d4 {[%clk 00:46:06]} {[%emt 00:00:25]} Qg1# {[%clk 00:36:49]}
{[%emt 00:00:12]} 0-1

[Event "DVM U10 2023"]
[Site "Magdeburg GER"]
[Date "2023.12.29"]
[Round "6"]
[White "Glöckner, Jakob"]
[Black "Goecking, Mats"]
[Result "0-1"]
[Termination "normal"]
[Board "20.2"]
[WhiteElo "865"]
[BlackElo "1050"]
[WhiteClock "00:17:33"]
[BlackClock "00:37:12"]
[WhiteTeam "fuß brothers Jena"]
[BlackTeam "SV Eintracht Tangerhütte"]
[PlyCount "64"]
[BlackFideId "34627383"]
[EventCountry "GER"]
[EventRounds "7"]
[EventType "team-swiss"]
[EventDate "2023.12.27"]

1. e4 {[%clk 00:55:08]} {[%emt 00:00:01]} e5 {[%clk 00:55:05]} {[%emt
00:00:06]} 2. Nf3 {[%clk 00:55:10]} {[%emt 00:00:03]} Nc6 {[%clk 00:55:04]}
{[%emt 00:00:06]} 3. Bc4 {[%clk 00:55:04]} {[%emt 00:00:10]} Nd4 {[%clk
00:55:00]} {[%emt 00:00:09]} 4. Nxe5 {[%emt 00:00:45]} Qg5 {[%emt 00:00:11]} 5.
Ng4 {[%clk 00:53:39]} {[%emt 00:00:34]} d6 {[%clk 00:54:20]} {[%emt 00:00:44]}
6. f3 {[%clk 00:53:00]} {[%emt 00:00:44]} Qh4+ {[%clk 00:53:46]} {[%emt
00:00:39]} 7. Nf2 {[%clk 00:52:23]} {[%emt 00:00:42]} d5 {[%clk 00:53:17]}
{[%emt 00:00:33]} 8. exd5 {[%emt 00:02:10]} Bc5 {[%emt 00:00:16]} 9. Rf1 {[%clk
00:49:47]} {[%emt 00:00:14]} Qxh2 {[%clk 00:52:26]} {[%emt 00:00:56]} 10. c3
{[%clk 00:49:09]} {[%emt 00:00:44]} Nf5 {[%clk 00:51:31]} {[%emt 00:00:58]} 11.
d4 {[%clk 00:47:47]} {[%emt 00:01:28]} Bd6 {[%clk 00:50:45]} {[%emt 00:00:50]}
12. Bb5+ {[%clk 00:45:34]} {[%emt 00:02:19]} Kd8 {[%clk 00:49:06]} {[%emt
00:01:43]} 13. Qe2 {[%clk 00:45:00]} {[%emt 00:00:40]} Nf6 {[%clk 00:48:25]}
{[%emt 00:00:45]} 14. g4 {[%clk 00:44:30]} {[%emt 00:00:36]} Nh4 {[%clk
00:47:57]} {[%emt 00:00:34]} 15. Rh1 {[%clk 00:43:08]} {[%emt 00:01:27]} Qg2
{[%clk 00:46:27]} {[%emt 00:01:34]} 16. Rxh4 {[%clk 00:41:10]} {[%emt
00:01:18]} Bg3 {[%clk 00:46:15]} {[%emt 00:01:01]} 17. Rxh7 {[%emt 00:01:32]}
Nxh7 {[%emt 00:00:20]} 18. g5 {[%clk 00:38:15]} {[%emt 00:01:09]} f6 {[%clk
00:45:27]} {[%emt 00:00:50]} 19. gxf6 {[%emt 00:00:08]} gxf6 {[%emt 00:00:17]}
20. Be3 {[%clk 00:36:24]} {[%emt 00:01:33]} Bf5 {[%clk 00:43:39]} {[%emt
00:01:53]} 21. Nd2 {[%clk 00:35:51]} {[%emt 00:00:40]} Nf8 {[%clk 00:42:45]}
{[%emt 00:00:58]} 22. Bg5 {[%clk 00:35:19]} {[%emt 00:00:37]} Nd7 {[%clk
00:42:20]} {[%emt 00:00:30]} 23. Bxf6+ {[%clk 00:34:42]} {[%emt 00:00:05]} Kc8
{[%clk 00:41:30]} {[%emt 00:01:32]} 24. Bxh8 {[%emt 00:00:08]} c6 {[%emt
00:00:11]} 25. dxc6 {[%emt 00:00:03]} bxc6 {[%emt 00:00:16]} 26. Bxc6 {[%clk
00:33:16]} {[%emt 00:00:52]} Rb8 {[%clk 00:41:25]} {[%emt 00:00:11]} 27. f4
{[%clk 00:26:26]} {[%emt 00:06:56]} Rxb2 {[%clk 00:40:36]} {[%emt 00:00:54]}
28. Qe3 {[%clk 00:22:07]} {[%emt 00:04:20]} Bh3 {[%clk 00:39:52]} {[%emt
00:00:53]} 29. Ke2 {[%clk 00:19:52]} {[%emt 00:02:20]} Bg4+ {[%clk 00:37:55]}
{[%emt 00:02:02]} 30. Ke1 {[%clk 00:19:38]} {[%emt 00:00:18]} Qg1+ {[%clk
00:37:11]} {[%emt 00:00:48]} 31. Nf1 {[%emt 00:00:37]} Bxf2+ {[%emt 00:00:41]}
32. Qxf2 {[%clk 00:17:33]} {[%emt 00:00:44]} Qxf2# {[%clk 00:37:12]} {[%emt
00:00:42]} 0-1